Spólki holdingowe i ekspansja spólek w Wielkiej Brytanii.
Spoločnosť je holdingová spoločnosť inej spoločnosti iba vtedy, ak sú medzi nimi vzťahy závislosti. Jednoduchá a zložitá závislosť spoločností. Expanzia spoločností. Spojenie dvoch alebo viacerých spoločností. Pohltenie jednej spoločnosti druhou.
Na minha lista:
| Autor principal: | |
|---|---|
| Formato: | Capítulo de Livro |
| Idioma: | polonês |
| Assuntos: | |
| Tags: |
Sem tags, seja o primeiro a adicionar uma tag!
|
MARC
| LEADER | 00000naa a2200000 4500 | ||
|---|---|---|---|
| 001 | r004475 | ||
| 005 | 20221125122624.7 | ||
| 041 | 0 | |a pol | |
| 044 | |a PL | ||
| 245 | 1 | 0 | |a Spólki holdingowe i ekspansja spólek w Wielkiej Brytanii. |c Z. Boguslawski |
| 520 | |a Spoločnosť je holdingová spoločnosť inej spoločnosti iba vtedy, ak sú medzi nimi vzťahy závislosti. Jednoduchá a zložitá závislosť spoločností. Expanzia spoločností. Spojenie dvoch alebo viacerých spoločností. Pohltenie jednej spoločnosti druhou. | ||
| 610 | 2 | 0 | |a akcie |
| 610 | 2 | 0 | |a papiere cenné |
| 610 | 2 | 0 | |a spoločnosti holdingové |
| 610 | 2 | 0 | |a spoločnosti finančné |
| 610 | 2 | 0 | |a Veľká Británia |
| 100 | 1 | |a Boguslawski, Z. | |